Погребенный великан: пер. с англ.

Dades bibliogràfiques
Autor principal: Исигуро К. Кадзуо
Altres autors: Нуянзина М. Мария (переводчик)
Sumari:Каждое произведение Кадзуо Исигуро — событие в мировой литературе. Его романы переведены более чем на сорок языков. Тиражи книг "Остаток дня" и "Не отпускай меня" составили свыше миллиона экземпляров. "Погребенный великан" — роман необычный, завораживающий. Автор переносит нас в средневековую Англию, когда бритты воевали с саксами, а землю окутывала хмарь, заставляющая забывать только что прожитый час так же быстро, как утро, прожитое много лет назад. Пожилая пара. Аксель и Беатриса, покидают свою деревушку и отправляются в полное опасностей путешествие — они хотят найти сына, которого не видели уже много лет. Исигуро рассказывает историю о памяти и забвении, о мести и войне, о любви и прощении. Но главное — о людях, о том, как все мы, по большому счету, одиноки.
Idioma:rus
Publicat: Москва, Э, 2017
Col·lecció:Best Book
Matèries:
Format: MixedMaterials Llibre
KOHA link:https://koha.lib.tpu.ru/cgi-bin/koha/opac-detail.pl?biblionumber=343981

MARC

LEADER 00000nam0a2200000 4500
001 343981
005 20231102005621.0
010 |a 9785040905379 
035 |a (RuTPU)RU\TPU\book\374876 
090 |a 343981 
100 |a 20191202d2017 m y0rusy50 ca 
101 1 |a rus  |c eng 
102 |a RU 
105 |a y z 000ay 
200 1 |a Погребенный великан  |e пер. с англ.  |f К. Исигуро  |g пер. М. Нуянзина 
210 |a Москва  |c Э  |d 2017 
215 |a 411 с. 
225 1 |a Best Book 
330 |a Каждое произведение Кадзуо Исигуро — событие в мировой литературе. Его романы переведены более чем на сорок языков. Тиражи книг "Остаток дня" и "Не отпускай меня" составили свыше миллиона экземпляров. "Погребенный великан" — роман необычный, завораживающий. Автор переносит нас в средневековую Англию, когда бритты воевали с саксами, а землю окутывала хмарь, заставляющая забывать только что прожитый час так же быстро, как утро, прожитое много лет назад. Пожилая пара. Аксель и Беатриса, покидают свою деревушку и отправляются в полное опасностей путешествие — они хотят найти сына, которого не видели уже много лет. Исигуро рассказывает историю о памяти и забвении, о мести и войне, о любви и прощении. Но главное — о людях, о том, как все мы, по большому счету, одиноки. 
606 1 |a Английская литература  |2 stltpush  |3 (RuTPU)RU\TPU\subj\29042  |9 52454 
610 1 |a романы 
610 1 |a историческая проза 
675 |a 82  |v 4 
700 1 |a Исигуро  |b К.  |c британский писатель японского происхождения  |c лауреат Нобелевской премии 2017 года и Букеровской премии 1989 года  |f 1954-  |g Кадзуо  |2 stltpush  |3 (RuTPU)RU\TPU\pers\39634  |9 21034 
702 1 |a Нуянзина  |b М.  |g Мария  |4 730 
801 1 |a RU  |b 63413507  |c 20191202 
801 2 |a RU  |b 63413507  |c 20200109  |g RCR 
942 |c BK